000 00787cam a22002531 4500
001 9593
003 BD-RjUL
005 20211208234814.0
008 140121r19741963njua 001 0 eng
035 _a(BD-RjUL)9638
035 _a(OCoLC)330175
040 _aDLC
_cOBgU
_dOCoLC
_dUk
_dDLC
_dBD-RjUL
_beng
041 _aeng
082 _a621.38
_bWHI 1974
100 1 _aWheeler, Gershon J.
_929709
245 1 0 _aIntroduction to microwaves :
_cUnder the editorship of Irving L. Kosow /
_bGershon J. Wheeler
260 _aEnglewood Cliffs, N.J. :
_bPrentice-Hall,
_cc1963 []Printing 1974].
300 _axii, 242 p. :
_bdiagrs. ;
_c24 cm.
504 _aIncludes index.
650 0 _aMicrowaves.
_929710
700 1 _aKosow, Irving L.,
_eed.
_927862
942 _2ddc
_cBK
999 _c9593
_d9593